| 000 | 04443nam a22013577a 4500 | ||
|---|---|---|---|
| 003 | OSt | ||
| 005 | 20140310181955.0 | ||
| 008 | 130726t xxu||||| |||| 00| 0 eng d | ||
| 020 | _a0448095033 | ||
| 020 | _a0448095041 | ||
| 020 | _a0448095106 | ||
| 020 | _a0448095122 | ||
| 020 | _a0448095149 | ||
| 020 | _a0448095165 | ||
| 020 | _a0448095173 | ||
| 020 | _a0448095181 | ||
| 020 | _a0448095203 | ||
| 020 | _a0448095262 | ||
| 020 | _a0448095319 | ||
| 020 | _a0448095351 | ||
| 020 | _a0448095408 | ||
| 020 | _a0448095416 | ||
| 020 | _a0448095424 | ||
| 020 | _a0448095459 | ||
| 020 | _a0448095521 | ||
| 020 | _a044809553X | ||
| 050 |
_aPS 3507 _b.K26n 1990 - 2000 |
||
| 082 |
_aKF _bK25nd |
||
| 100 |
_aKeene, Carolyn _94653 |
||
| 245 |
_aNancy Drew mystery stories / _cby Carolyn Keene |
||
| 260 |
_aNew York : _bGrosset & Dunlap, _c19-. |
||
| 300 |
_a180 p. _bill. ; _c19 cm. |
||
| 440 |
_aNancy Drew mystery stories _n53 _94654 |
||
| 541 | _j1 | ||
| 541 | _j2 | ||
| 541 | _j1 | ||
| 541 | _j1 | ||
| 541 | _j2 | ||
| 541 | _j1 | ||
| 541 | _j1 | ||
| 541 | _j1 | ||
| 541 | _j1 | ||
| 541 | _j1 | ||
| 541 | _j1 | ||
| 541 | _j1 | ||
| 541 | _j1 | ||
| 541 | _j1 | ||
| 541 | _j1 | ||
| 541 | _j1 | ||
| 541 | _j2 | ||
| 541 | _j1 | ||
| 541 | _j1 | ||
| 541 | _j1 | ||
| 541 | _j1 | ||
| 650 |
_aFiction. _9746 |
||
| 830 |
_aThe Secret of the Old Clock _94655 |
||
| 830 |
_aThe Hidden Staircase _94656 |
||
| 830 |
_aThe Bungalow Mystery _94657 |
||
| 830 |
_aThe Mystery at Lilac Inn _94658 |
||
| 830 |
_aThe Secret of Shadow Ranch _94659 |
||
| 830 |
_aThe Secret of Red Gate Farm _94660 |
||
| 830 |
_aThe Clue in the Diary _94661 |
||
| 830 |
_aNancy's Mysterious Letter _94662 |
||
| 830 |
_aThe Sign of the Twisted Candles _94663 |
||
| 830 |
_aPassword to Larkspur Lane _94664 |
||
| 830 |
_aThe Clue of the Broken Locket _94665 |
||
| 830 |
_aThe Message in the Hollow Oak _94666 |
||
| 830 |
_aThe Mystery of the Ivory Charm _94667 |
||
| 830 |
_aThe Whispering Statue _94668 |
||
| 830 |
_aThe Haunted Bridge _94669 |
||
| 830 |
_aThe Clue of the Tapping Heels _94670 |
||
| 830 |
_aThe Mystery of the Brass-Bound Trunk _94671 |
||
| 830 |
_aThe Mystery at the Moss-Covered Mansion _94672 |
||
| 830 |
_aThe Quest of the Missing Map _94673 |
||
| 830 |
_aThe Clue in the Jewel Box _94674 |
||
| 830 |
_aThe Secret in the Old Attic _94675 |
||
| 830 |
_aThe Clue in the Crumbling Wall _94676 |
||
| 830 |
_aThe Mystery of the Tolling Bell _94677 |
||
| 830 |
_aThe Clue in the Old Album _94678 |
||
| 830 |
_aThe Ghost of Blackwood Hall _94679 |
||
| 830 |
_aThe Clue of the Leaning Chimney _94680 |
||
| 830 |
_aThe Secret of the Wooden Lady _94681 |
||
| 830 |
_aThe Clue of the Black Keys _94682 |
||
| 830 |
_aThe Mystery at the Ski Jump _94683 |
||
| 830 |
_aThe Clue of the Velvet Mask _94684 |
||
| 830 |
_aThe Ringmaster's Secret _94685 |
||
| 830 |
_aThe Scarlet Slipper Mystery _94686 |
||
| 830 |
_aThe Witch Tree Symbol _94687 |
||
| 830 |
_aThe Hidden Window Mystery _94688 |
||
| 830 |
_aThe Haunted Showboat _94689 |
||
| 830 |
_aThe Secret of the Golden Pavilion _94690 |
||
| 830 |
_aThe Clue in the Old Stagecoach _94691 |
||
| 830 |
_aThe Mystery of the Fire Dragon _94692 |
||
| 830 |
_aThe Clue of the Dancing Puppet _94693 |
||
| 830 |
_aThe Moonstone Castle Mystery _94694 |
||
| 830 |
_aThe Clue of the Whistling Bagpipes _94695 |
||
| 830 |
_aThe Phantom of Pine Hill _94696 |
||
| 830 |
_aThe Mystery of the 99 Steps _94697 |
||
| 830 |
_aThe Clue in the Crossword Cipher _94698 |
||
| 830 |
_aThe Spider Sapphire Mystery _94699 |
||
| 830 |
_aThe Invisible Intruder _94700 |
||
| 830 |
_aThe Mysterious Mannequin _94701 |
||
| 830 |
_aThe Crooked Banister _94702 |
||
| 830 |
_aThe Secret of Mirror Bay _94703 |
||
| 830 |
_aThe Double Jinx Mystery _94704 |
||
| 830 |
_aMystery of the Glowing Eye _94705 |
||
| 830 |
_aThe Secret of the Forgotten City _94706 |
||
| 830 |
_aThe Sky Phantom _94707 |
||
| 830 |
_aThe Strange Message in the Parchment _94708 |
||
| 830 |
_aCrocodile Island _94709 |
||
| 830 |
_aThe Thirteenth Pearl _94710 |
||
| 830 |
_aThe Triple Hoax _94711 |
||
| 830 |
_aThe Flying Saucer Mystery _94712 |
||
| 830 |
_aThe Secret in the Old Lace _94713 |
||
| 942 |
_2lcc _cBK-KF _kKF |
||
| 999 |
_c7918 _d7918 |
||